Suomen kunnat, joiden nimessä on useampi M - Statistics

Yleistilastot
  • Tätä visaa on pelattu 136 kertaa
  • Keskiarvotulos 6 / 8
Vastaustilastot
Maakunta Kunta % Oikein
Ahvenanmaa Maarianhamina
93%
Ahvenanmaa Hammarland
88%
Lappi Keminmaa
81%
Kainuu Suomussalmi
78%
Uusimaa Kirkkonummi
77%
Keski-Suomi Muurame
75%
Kanta-Häme Tammela
72%
Varsinais-Suomi Mynämäki
64%
Ehtoja vastaavia visoja ei löytynyt
Tulosjakauma
Jokaisen tuloksen saaneiden osuus
Persentiili vastausten määrän mukaan
Tuloshistoriasi
Et ole pelannut tätä visaa